[Event "4NCL Division 1a"]
[Site "Birmingham, ENG ENG"]
[Date "2016.02.14"]
[Round "6.111"]
[White "Sarakauskas, Gediminas"]
[Black "Howell, David W L"]
[Result "0-1"]
[WhiteElo "2416"]
[BlackElo "2685"]
[PlyCount "68"]
[EventDate "2016.02.14"]
[WhiteTeam "Guildford 2"]
[BlackTeam "Cheddleton 1"]

1. e4 e5 2. Nf3 Nc6 3. Bc4 Bc5 4. O-O Nf6 5. d3 d6 6. c3 Bb6 7. Bb3 Ne7 8. Nbd2
O-O 9. Nc4 Ng6 10. h3 h6 11. Re1 Re8 12. a4 c6 13. Nxb6 axb6 14. Be3 d5 15. Bc2
c5 16. exd5 Nxd5 17. d4 cxd4 18. cxd4 e4 19. Ne5 Bf5 20. Qh5 Qf6 21. g4 Be6 22.
Nxg6 fxg6 23. Qe5 Qh4 24. Qg3 Qxg3+ 25. fxg3 Bf7 26. Bf4 e3 27. Be5 Rac8 28.
Be4 Rc4 29. Bd3 Rb4 30. Re2 Rc8 31. Ra3 Rc1+ 32. Kg2 Nc3 33. Kf3 Nxe2 34. Bxe2
Rxb2 0-1

[Event "4NCL Division 1a"]
[Site "Birmingham, ENG ENG"]
[Date "2016.02.14"]
[Round "6.112"]
[White "Hawkins, Jonathan"]
[Black "Fernandez, Daniel Howard"]
[Result "1-0"]
[WhiteElo "2579"]
[BlackElo "2474"]
[PlyCount "51"]
[EventDate "2016.02.14"]
[WhiteTeam "Cheddleton 1"]
[BlackTeam "Guildford 2"]

1. d4 Nf6 2. c4 g6 3. Nc3 Bg7 4. e4 O-O 5. Nf3 d6 6. Be2 c5 7. d5 b5 8. cxb5 a6
9. O-O axb5 10. Bxb5 Ba6 11. Qe2 Qa5 12. Bxa6 Qxa6 13. Nb5 Nxe4 14. a4 Nf6 15.
Qxe7 Nxd5 16. Qe4 Qc6 17. Rd1 Nb4 18. Nxd6 Rd8 19. Qe7 Qd7 20. Qe2 Rxa4 21.
Rxa4 Qxa4 22. Bg5 Rd7 23. Qe8+ Bf8 24. Re1 Ra7 25. Nb5 f6 26. Nxa7 1-0

[Event "4NCL Division 1a"]
[Site "Birmingham, ENG ENG"]
[Date "2016.02.14"]
[Round "6.113"]
[White "Zhou, Yang-Fan"]
[Black "Hamitevici, Vladimir"]
[Result "1-0"]
[WhiteElo "2454"]
[BlackElo "2472"]
[PlyCount "49"]
[EventDate "2016.02.14"]
[WhiteTeam "Guildford 2"]
[BlackTeam "Cheddleton 1"]

1. e4 e5 2. Nf3 Nc6 3. Bc4 Bc5 4. b4 Bxb4 5. c3 Ba5 6. d4 d6 7. Qb3 Qd7 8. dxe5
Bb6 9. Nbd2 Na5 10. Qc2 Nxc4 11. Nxc4 Bc5 12. O-O Ne7 13. exd6 cxd6 14. Rd1 Qe6
15. Qb3 Qxe4 16. Re1 Qd5 17. Bg5 Be6 18. Bxe7 Kxe7 19. Rad1 Qc6 20. Ng5 Qc8 21.
Qb1 g6 22. Qe4 Bxf2+ 23. Kxf2 Qc5+ 24. Qd4 Qxg5 25. Rxe6+ 1-0

[Event "4NCL Division 1a"]
[Site "Birmingham, ENG ENG"]
[Date "2016.02.14"]
[Round "6.114"]
[White "Fodor, Tamas Jr"]
[Black "Trent, Lawrence"]
[Result "1/2-1/2"]
[WhiteElo "2514"]
[BlackElo "2455"]
[PlyCount "115"]
[EventDate "2016.02.14"]
[WhiteTeam "Cheddleton 1"]
[BlackTeam "Guildford 2"]

1. d4 d5 2. c4 dxc4 3. e4 b5 4. a4 c6 5. Nc3 a6 6. axb5 cxb5 7. Nxb5 axb5 8.
Rxa8 Bb7 9. Ra1 e6 10. Nf3 Nf6 11. Be2 Bb4+ 12. Bd2 Bxd2+ 13. Qxd2 Nxe4 14. Qe3
Bd5 15. b3 cxb3 16. Bxb5+ Nd7 17. Ne5 O-O 18. Nxd7 b2 19. O-O bxa1=Q 20. Rxa1
Re8 21. Ne5 Rf8 22. Nd7 Re8 23. Nc5 Nxc5 24. dxc5 Re7 25. c6 h6 26. Qc5 Rc7 27.
f3 Bxc6 28. Rc1 Bxb5 29. Qxc7 Qxc7 30. Rxc7 g5 31. Kf2 Kg7 32. Ke3 Bf1 33. Rc2
Kg6 34. f4 Ba6 35. g3 Kf6 36. Rf2 Kg6 37. Kd4 gxf4 38. Rxf4 Be2 39. Ke5 Kg7 40.
Kd6 Bh5 41. Ke7 Bg6 42. g4 h5 43. g5 Bf5 44. h4 Kg6 45. Rf2 Kg7 46. Ra2 Bb1 47.
Ra8 Be4 48. Rb8 Bd3 49. Kd6 Bc2 50. Ke5 Bd3 51. Rb3 Bf5 52. Rf3 Kg6 53. Rf2 Kg7
54. Rxf5 exf5 55. Kxf5 Kg8 56. Kf6 Kf8 57. g6 fxg6 58. Kxg6 1/2-1/2

[Event "4NCL Division 1a"]
[Site "Birmingham, ENG ENG"]
[Date "2016.02.14"]
[Round "6.115"]
[White "Kilpatrick, Callum"]
[Black "Eggleston, David J"]
[Result "1/2-1/2"]
[WhiteElo "2349"]
[BlackElo "2399"]
[PlyCount "82"]
[EventDate "2016.02.14"]
[WhiteTeam "Guildford 2"]
[BlackTeam "Cheddleton 1"]

1. e4 c5 2. Nf3 d6 3. Bb5+ Nd7 4. a4 Ngf6 5. Nc3 g6 6. a5 Bg7 7. O-O O-O 8. d3
a6 9. Bc4 b5 10. axb6 Nxb6 11. Bb3 Bg4 12. h3 Bxf3 13. Qxf3 Nfd7 14. Na4 Qc7
15. Qe2 Nxa4 16. Rxa4 Nb6 17. Ra3 a5 18. c3 e6 19. Bf4 Ra7 20. Rfa1 Nd7 21.
R1a2 Rb8 22. Ba4 Ne5 23. Bc1 c4 24. Bc2 cxd3 25. Bxd3 d5 26. Be3 Raa8 27. exd5
exd5 28. b4 a4 29. Bd4 Nxd3 30. Qxd3 Bxd4 31. Qxd4 Re8 32. g3 Re1+ 33. Kg2 Qc6
34. Rd2 Rd8 35. Kh2 Qe8 36. c4 Re4 37. Re3 Rxd4 38. Rxe8+ Rxe8 39. Rxd4 dxc4
40. Rxc4 a3 41. Rc2 Rb8 1/2-1/2

[Event "4NCL Division 1a"]
[Site "Birmingham, ENG ENG"]
[Date "2016.02.14"]
[Round "6.116"]
[White "Arkell, Keith C"]
[Black "Martin, Andrew D"]
[Result "1-0"]
[WhiteElo "2457"]
[BlackElo "2372"]
[PlyCount "87"]
[EventDate "2016.02.14"]
[WhiteTeam "Cheddleton 1"]
[BlackTeam "Guildford 2"]

1. Nf3 d6 2. d4 Nf6 3. c4 Nbd7 4. Nc3 e5 5. e4 Be7 6. Be2 O-O 7. O-O c6 8. h3
a6 9. Be3 b5 10. Qc2 Bb7 11. Rfd1 Qb8 12. a3 Re8 13. Rd2 Bf8 14. dxe5 Nxe5 15.
Nxe5 dxe5 16. Rad1 Qc8 17. b4 Qe6 18. Bc5 h6 19. Bxf8 Rxf8 20. Rd6 Qe7 21. Qd2
Rfc8 22. Bg4 Rc7 23. Bf5 Rf8 24. c5 Bc8 25. Qe3 Re8 26. Bxc8 Rexc8 27. Ne2 Nh5
28. g4 Nf6 29. Ng3 Ne8 30. Nf5 Qf8 31. Rd7 Nf6 32. R7d3 Kh7 33. Qf3 Re8 34. h4
Ng8 35. g5 g6 36. Ne3 h5 37. Rd6 Kg7 38. Ng2 Qe7 39. Qc3 f6 40. f4 fxg5 41.
hxg5 Kh7 42. f5 gxf5 43. g6+ Kg7 44. exf5 1-0

[Event "4NCL Division 1a"]
[Site "Birmingham, ENG ENG"]
[Date "2016.02.14"]
[Round "6.117"]
[White "Wadsworth, Matthew J"]
[Black "Williams, Simon K"]
[Result "1/2-1/2"]
[WhiteElo "2312"]
[BlackElo "2435"]
[PlyCount "97"]
[EventDate "2016.02.14"]
[WhiteTeam "Guildford 2"]
[BlackTeam "Cheddleton 1"]

1. c4 f5 2. g3 Nf6 3. Bg2 e6 4. Nf3 Be7 5. O-O O-O 6. Nc3 d6 7. d3 e5 8. b4 Qe8
9. e3 Qh5 10. d4 e4 11. Nd2 Qh6 12. Re1 Nc6 13. Rb1 a5 14. a3 axb4 15. axb4 Nd8
16. f3 Nf7 17. f4 Qg6 18. Nf1 h5 19. h4 Bd7 20. Qb3 Kh7 21. Bb2 Nh6 22. Ra1
Nhg4 23. Rxa8 Rxa8 24. b5 b6 25. d5 Bc8 26. Ne2 Nd7 27. Ra1 Nc5 28. Qc2 Rxa1
29. Bxa1 Nd3 30. Nc1 Nc5 31. Bd4 Bf6 32. Qa2 Qf7 33. Bh3 Nh6 34. Qa8 Bd7 35.
Qb8 Bxd4 36. exd4 Nd3 37. Ne2 Be8 38. Ne3 g6 39. Kf1 Ng8 40. Qd8 Qe7 41. Qxe7+
Nxe7 42. Nc3 Nc1 43. Ke1 Kg7 44. Bf1 Ng8 45. Kd1 Nb3 46. Ne2 Nf6 47. Bh3 Kf7
48. Kc2 Na5 49. Kc3 1/2-1/2

[Event "4NCL Division 1a"]
[Site "Birmingham, ENG ENG"]
[Date "2016.02.14"]
[Round "6.118"]
[White "Steil-Antoni, Fiona"]
[Black "Kalaiyalahan, Akshaya"]
[Result "1-0"]
[WhiteElo "2171"]
[BlackElo "2236"]
[PlyCount "71"]
[EventDate "2016.02.14"]
[WhiteTeam "Cheddleton 1"]
[BlackTeam "Guildford 2"]

1. e4 c5 2. Nf3 e6 3. g3 Nc6 4. Bg2 Nf6 5. d3 d5 6. Nc3 Be7 7. O-O d4 8. Ne2
O-O 9. Ne1 b6 10. f4 Bb7 11. h3 b5 12. g4 Nd7 13. Ng3 c4 14. g5 e5 15. Nf5 exf4
16. Nxe7+ Qxe7 17. Bxf4 Nde5 18. Nf3 Nxf3+ 19. Qxf3 Ne5 20. Qg3 Rae8 21. a3 Qc5
22. Bd2 Nc6 23. Rf2 a6 24. Raf1 Bc8 25. h4 c3 26. b4 Qe7 27. Bf4 Rd8 28. h5 g6
29. hxg6 hxg6 30. Bf3 Kg7 31. Bd1 Rh8 32. Bd6 Qe8 33. Rxf7+ Qxf7 34. Rxf7+ Kxf7
35. Qf4+ Kg8 36. Qf6 1-0

[Event "4NCL Division 1a"]
[Site "Birmingham, ENG ENG"]
[Date "2016.02.14"]
[Round "6.121"]
[White "Tan, Justin"]
[Black "Turner, Matthew J"]
[Result "1/2-1/2"]
[WhiteElo "2440"]
[BlackElo "2502"]
[PlyCount "99"]
[EventDate "2016.02.14"]
[WhiteTeam "Oxford 1"]
[BlackTeam "Barbican 4NCL 1"]

1. Nf3 Nf6 2. g3 d5 3. Bg2 c6 4. O-O Bf5 5. c4 e6 6. cxd5 cxd5 7. Qb3 Qb6 8.
Qxb6 axb6 9. Nc3 Nc6 10. d3 Bc5 11. Nh4 Bg6 12. h3 Ke7 13. Bg5 Rhc8 14. a3 h6
15. Nxg6+ fxg6 16. Bd2 Nd4 17. Rad1 Bxa3 18. bxa3 Rxc3 19. Bxc3 Nxe2+ 20. Kh2
Nxc3 21. Ra1 Nd7 22. Rfc1 d4 23. Rc2 Nc5 24. Rb2 b5 25. Bf1 Ra5 26. Rb4 g5 27.
h4 gxh4 28. gxh4 g5 29. hxg5 hxg5 30. Re1 Ra4 31. Re5 Nd5 32. Rxb5 Kd6 33. Rxg5
Rxa3 34. Rg4 Nxd3 35. Rxd4 Nxf2 36. Rb2 Ke5 37. Rxd5+ exd5 38. Rxf2 Rb3 39.
Re2+ Kd6 40. Rd2 Kc5 41. Rc2+ Kd4 42. Rd2+ Kc5 43. Rc2+ Kd4 44. Bg2 b5 45. Rd2+
Kc3 46. Rxd5 b4 47. Rc5+ Kd4 48. Rd5+ Kc3 49. Rc5+ Kd4 50. Rd5+ 1/2-1/2

[Event "4NCL Division 1a"]
[Site "Birmingham, ENG ENG"]
[Date "2016.02.14"]
[Round "6.122"]
[White "Griffiths, Ryan Rhys"]
[Black "Zakarian, David"]
[Result "0-1"]
[WhiteElo "2359"]
[BlackElo "2382"]
[PlyCount "130"]
[EventDate "2016.02.14"]
[WhiteTeam "Barbican 4NCL 1"]
[BlackTeam "Oxford 1"]

1. d4 Nf6 2. c4 d6 3. Nc3 Nbd7 4. e4 e5 5. d5 a5 6. Bd3 g6 7. Bc2 Bg7 8. Bg5 h6
9. Be3 O-O 10. f3 Nb6 11. Bd3 Nh5 12. Qd2 Nf4 13. Bf1 Kh7 14. g3 Nh5 15. c5 Nd7
16. c6 Nc5 17. cxb7 Bxb7 18. Bb5 Nf6 19. h4 Nfd7 20. h5 g5 21. g4 Ba6 22. Nge2
Bxb5 23. Nxb5 Qb8 24. Nec3 a4 25. O-O Qb7 26. Rfc1 Rfb8 27. Rab1 Ra5 28. Na3
Qa6 29. Ne2 Bf6 30. Rc2 Bd8 31. Rd1 Qa8 32. Nc1 Ra7 33. Nd3 Nxd3 34. Qxd3 Rab7
35. Qc3 Rb4 36. Nc4 Qa6 37. Kg2 Qb5 38. Rdd2 Kg8 39. Qd3 Ra8 40. a3 Rb3 41. Rc3
Rxc3 42. bxc3 Nc5 43. Bxc5 Qxc5 44. Rb2 Qa7 45. Rb4 Rb8 46. Nb2 Rb6 47. Nc4 Qa6
48. Nb2 Qa7 49. Qc4 Kg7 50. Nd1 Rxb4 51. cxb4 Kf6 52. Kf1 Qb6 53. b5 Qa7 54.
Ke2 Qg1 55. Qxa4 c6 56. Qb4 Qg2+ 57. Kd3 Qf1+ 58. Kc2 Qe2+ 59. Kc1 c5 60. Qb2
Qc4+ 61. Kb1 Qd3+ 62. Kc1 Bb6 63. a4 c4 64. Qc3 Be3+ 65. Kb2 Bd4 0-1

[Event "4NCL Division 1a"]
[Site "Birmingham, ENG ENG"]
[Date "2016.02.14"]
[Round "6.123"]
[White "Martins, David Pires Tavares"]
[Black "Merry, Alan B"]
[Result "1/2-1/2"]
[WhiteElo "2407"]
[BlackElo "2380"]
[PlyCount "132"]
[EventDate "2016.02.14"]
[WhiteTeam "Oxford 1"]
[BlackTeam "Barbican 4NCL 1"]

1. Nf3 d5 2. g3 Nc6 3. d4 Bf5 4. Bg2 Nb4 5. Na3 c6 6. O-O Nf6 7. Nh4 Bg4 8. f3
Bh5 9. c3 Na6 10. g4 e6 11. e4 dxe4 12. gxh5 Nxh5 13. fxe4 Qxh4 14. Qf3 f5 15.
exf5 Bd6 16. Qh3 Qxh3 17. Bxh3 exf5 18. Nc4 Bc7 19. Rxf5 Nf6 20. Bg5 O-O 21.
Raf1 Rae8 22. Bxf6 Rxf6 23. Rxf6 gxf6 24. Rxf6 Kg7 25. Re6 Rxe6 26. Bxe6 b5 27.
Nd2 Kf6 28. Bc8 Nb8 29. Ne4+ Ke7 30. h3 h6 31. Kf2 Nd7 32. Bb7 Nb8 33. Kf3 Kd8
34. Kg4 Bh2 35. d5 Kc7 36. dxc6 Nxc6 37. Bxc6 Kxc6 38. Kf5 Bg1 39. h4 Be3 40.
h5 a5 41. b3 Bc1 42. Ke5 Bb2 43. Kd4 b4 44. Kc4 bxc3 45. Nxc3 Kd6 46. Ne2 Ke5
47. Kb5 Ke4 48. Kxa5 Kf3 49. Ng1+ Kg4 50. b4 Kxh5 51. b5 Kg4 52. b6 h5 53. b7
Be5 54. Kb6 h4 55. a4 Kg3 56. a5 Kg2 57. Ne2 h3 58. a6 h2 59. a7 h1=Q 60. a8=Q
Qb1+ 61. Kc6 Qe4+ 62. Kc5 Kf2 63. b8=Q Qe3+ 64. Kd5 Bxb8 65. Nd4 Bf4 66. Qh8
Qe5+ 1/2-1/2

[Event "4NCL Division 1a"]
[Site "Birmingham, ENG ENG"]
[Date "2016.02.14"]
[Round "6.124"]
[White "Sanders, Isaac B"]
[Black "Claridge-Hansen, William"]
[Result "1/2-1/2"]
[WhiteElo "2351"]
[BlackElo "2294"]
[PlyCount "106"]
[EventDate "2016.02.14"]
[WhiteTeam "Barbican 4NCL 1"]
[BlackTeam "Oxford 1"]

1. Nf3 c5 2. b3 d6 3. d4 cxd4 4. Nxd4 g6 5. Bb2 Nf6 6. e3 Bg7 7. Be2 O-O 8. O-O
Nc6 9. c4 Nxd4 10. exd4 d5 11. Nc3 b6 12. Bf3 Bb7 13. Re1 Re8 14. Qe2 Rc8 15.
Nb5 a6 16. Nc3 e6 17. Rac1 Bf8 18. Red1 Bd6 19. Na4 Bf4 20. Rc2 Bc6 21. Nc3
dxc4 22. bxc4 Bh6 23. Bxc6 Rxc6 24. Bc1 Bxc1 25. Rcxc1 Qc7 26. Na4 Nd5 27. Nb2
Rc8 28. Rd2 Rd8 29. Re1 Ne7 30. Red1 Rcd6 31. g3 Qd7 32. d5 b5 33. Nd3 exd5 34.
Ne5 Qc7 35. cxd5 Rxd5 36. Rxd5 Rxd5 37. Ng4 Rxd1+ 38. Qxd1 Qb6 39. Qa1 Nf5 40.
Nf6+ Kh8 41. Qc3 Qd4 42. Qc8+ Kg7 43. Ne8+ Kh6 44. Qc1+ Kh5 45. h4 Kg4 46. Nf6+
Kf3 47. Qc6+ Ke2 48. Qc2+ Ke1 49. Ne4 Qd1 50. Qc3+ Ke2+ 51. Kg2 Qf1+ 52. Kh2
Qd1 53. Kg2 Qf1+ 1/2-1/2

[Event "4NCL Division 1a"]
[Site "Birmingham, ENG ENG"]
[Date "2016.02.14"]
[Round "6.125"]
[White "Harvey, Marcus R"]
[Black "Jackson, James P"]
[Result "0-1"]
[WhiteElo "2324"]
[BlackElo "2355"]
[PlyCount "184"]
[EventDate "2016.02.14"]
[WhiteTeam "Oxford 1"]
[BlackTeam "Barbican 4NCL 1"]

1. Nf3 Nf6 2. g3 g6 3. b3 Bg7 4. Bb2 O-O 5. Bg2 a5 6. O-O a4 7. c4 d5 8. cxd5
Nxd5 9. Bxg7 Kxg7 10. bxa4 Nc6 11. d4 Bg4 12. h3 Bf5 13. Nfd2 Nb6 14. Nb3 Nxa4
15. d5 Nb8 16. Qd4+ Kg8 17. e4 Bc8 18. N1d2 e6 19. Nc4 exd5 20. exd5 Nd7 21.
Rfe1 Re8 22. d6 c6 23. Nca5 Nab6 24. Bxc6 bxc6 25. Rxe8+ Qxe8 26. Nxc6 h6 27.
Ne7+ Kh7 28. a4 Qh8 29. Qxh8+ Kxh8 30. Rc1 Ba6 31. Rc7 Bc4 32. a5 Bxb3 33. axb6
Nxb6 34. d7 Be6 35. Rc6 Nxd7 36. Nxg6+ fxg6 37. Rxe6 Nf8 38. Re7 Ra6 39. Kg2
Kg8 40. Rb7 Rd6 41. Ra7 Nd7 42. Ra2 Kg7 43. Re2 Kf6 44. Re8 Ne5 45. Rf8+ Ke7
46. Rh8 Nf7 47. Ra8 Rd2 48. Ra7+ Kf6 49. Ra6+ Kf5 50. Ra8 Ne5 51. Rf8+ Ke6 52.
Ra8 h5 53. Ra6+ Kf5 54. Ra5 Rc2 55. Ra3 g5 56. Ra8 Nd3 57. Ra5+ Rc5 58. Ra3 Ke4
59. Ra4+ Kd5 60. Ra8 Kd4 61. Rd8+ Rd5 62. Rf8 Ke4 63. Re8+ Re5 64. Ra8 Rf5 65.
Ra4+ Kd5 66. Ra5+ Ke6 67. Ra6+ Kf7 68. Ra2 g4 69. hxg4 hxg4 70. Kf1 Kf6 71. Rd2
Rf3 72. Ra2 Ke5 73. Ra5+ Kd6 74. Ra2 Kc5 75. Ra5+ Kb4 76. Rg5 Nxf2 77. Ke2 Rf8
78. Rd5 Kc4 79. Ra5 Ne4 80. Ra4+ Kd5 81. Ra5+ Nc5 82. Ra3 Kd4 83. Ra7 Rf3 84.
Rg7 Rxg3 85. Rg8 Re3+ 86. Kf1 g3 87. Rd8+ Ke5 88. Kg2 Ne6 89. Re8 Kf6 90. Rg8
Nf4+ 91. Kf1 Kf5 92. Ra8 Kg4 0-1

[Event "4NCL Division 1a"]
[Site "Birmingham, ENG ENG"]
[Date "2016.02.14"]
[Round "6.126"]
[White "Cox, John J"]
[Black "Aguiar, Henrique Rui Neves"]
[Result "1-0"]
[WhiteElo "2348"]
[BlackElo "2198"]
[PlyCount "137"]
[EventDate "2016.02.14"]
[WhiteTeam "Barbican 4NCL 1"]
[BlackTeam "Oxford 1"]

1. c4 Nf6 2. g3 g6 3. Bg2 Bg7 4. Nc3 O-O 5. Nf3 d6 6. O-O Nc6 7. d3 Nh5 8. d4
e5 9. dxe5 dxe5 10. Qxd8 Nxd8 11. Nd5 Ne6 12. Be3 Bd7 13. Rad1 Rfd8 14. Ng5 Nd4
15. Nxc7 Rac8 16. Nb5 h6 17. Bxd4 Bxb5 18. Bxa7 Bxc4 19. Ne4 Bxa2 20. Nc5 Bf8
21. b4 Rxd1 22. Rxd1 Ra8 23. Bb6 Bc4 24. e3 Ra2 25. Bxb7 Rb2 26. Rd8 Kg7 27.
Nd7 Bxb4 28. Nxe5 Rb1+ 29. Kg2 Bf1+ 30. Kf3 Bc3 31. Nd7 Nf6 32. Nxf6 Bxf6 33.
Rd6 Rb5 34. Be4 Bc4 35. Bd4 Be6 36. Kg2 Be5 37. Bxe5+ Rxe5 38. Bf3 Ra5 39. Rd4
Ra2 40. g4 Kf6 41. h4 Rb2 42. Kg3 Rb5 43. Be2 Rc5 44. Rd3 Ra5 45. Bd1 Ra2 46.
f4 Bc4 47. Rc3 Ra1 48. Bf3 Be6 49. e4 Ra5 50. Be2 Bd7 51. Rb3 Bc6 52. Bf3 Rc5
53. Rb6 Kg7 54. f5 gxf5 55. gxf5 Rc4 56. Kf4 Rc5 57. f6+ Kf8 58. Rb8+ Be8 59.
e5 Rc4+ 60. Kf5 Rc5 61. Be4 Rc4 62. Bd5 Rc5 63. Bf3 Rc3 64. Be2 Rc5 65. Ke4 Ra5
66. Kd4 Ra4+ 67. Kd5 Ra2 68. Bb5 Ra5 69. Rxe8# 1-0

[Event "4NCL Division 1a"]
[Site "Birmingham, ENG ENG"]
[Date "2016.02.14"]
[Round "6.127"]
[White "Dickinson, Tim R"]
[Black "Franklin, Samuel G A"]
[Result "1/2-1/2"]
[WhiteElo "2108"]
[BlackElo "2303"]
[PlyCount "150"]
[EventDate "2016.02.14"]
[WhiteTeam "Oxford 1"]
[BlackTeam "Barbican 4NCL 1"]

1. d4 Nf6 2. Nf3 g6 3. c4 Bg7 4. Nc3 O-O 5. e4 d6 6. Be2 e5 7. dxe5 dxe5 8.
Qxd8 Rxd8 9. Bg5 Nbd7 10. O-O-O Rf8 11. h3 Nc5 12. Bd3 Ne6 13. Be3 Nh5 14. Bc2
b6 15. Nd2 Nhf4 16. Rh2 Nd4 17. Bxd4 exd4 18. Nd5 Ne6 19. Ba4 Bb7 20. g3 Nc5
21. Bc2 d3 22. Bb1 Na4 23. Nc3 Bxc3 24. bxc3 Nxc3 25. Re1 Rad8 26. Re3 Rfe8 27.
f3 Ne2+ 28. Rhxe2 dxe2 29. Rxe2 Rd4 30. Kc2 Red8 31. Kc3 Ba6 32. a4 c5 33. e5
Bc8 34. g4 Be6 35. Be4 g5 36. Rh2 h6 37. Re2 Kg7 38. Rh2 Bd7 39. Bc2 Bc6 40.
Re2 Rf4 41. Re3 Rfd4 42. Re2 Kf8 43. Ne4 Bxe4 44. Bxe4 Ke7 45. a5 Rd1 46. axb6
axb6 47. h4 Rc1+ 48. Bc2 Rd4 49. hxg5 hxg5 50. Kb3 Rf1 51. Be4 Rc1 52. Bc2 Rxc2
53. Rxc2 Rd3+ 54. Ka4 Rxf3 55. Kb5 Rb3+ 56. Kc6 Ke6 57. Re2 Rb4 58. Rf2 Rxc4
59. Rf6+ Kxe5 60. Rf5+ Ke6 61. Rxg5 f6 62. Rg8 Kf7 63. Rb8 Rxg4 64. Rxb6 Rg5
65. Kb5 Re5 66. Kc4 Kg6 67. Rb1 Kf5 68. Rf1+ Ke6 69. Rh1 Kd6 70. Rd1+ Kc6 71.
Rf1 f5 72. Rf2 Re4+ 73. Kd3 c4+ 74. Kc3 f4 75. Kb4 Kd5 1/2-1/2

[Event "4NCL Division 1a"]
[Site "Birmingham, ENG ENG"]
[Date "2016.02.14"]
[Round "6.128"]
[White "Regan, Natasha K"]
[Black "Varney, Zoe"]
[Result "0-1"]
[WhiteElo "2057"]
[BlackElo "2012"]
[PlyCount "96"]
[EventDate "2016.02.14"]
[WhiteTeam "Barbican 4NCL 1"]
[BlackTeam "Oxford 1"]

1. Nf3 d5 2. c4 e6 3. b3 Nf6 4. g3 Be7 5. Bg2 O-O 6. O-O c5 7. Bb2 Nc6 8. e3 d4
9. exd4 cxd4 10. Re1 Re8 11. a3 a5 12. d3 Bc5 13. Ne5 Nxe5 14. Rxe5 Nd7 15. Rh5
e5 16. Nd2 Nf6 17. Rh4 g5 18. Rh6 Bf8 19. Rxf6 Qxf6 20. Bd5 Ra7 21. Ne4 Qg6 22.
Bc1 h6 23. g4 Kg7 24. Ng3 f5 25. gxf5 Bxf5 26. Qf3 Be6 27. Bxb7 Rb8 28. Be4 Qf7
29. Qd1 Bd6 30. Bd2 Qf8 31. Bxg5 hxg5 32. Qh5 Qe7 33. Qg6+ Kf8 34. Nh5 Qf7 35.
Qh6+ Ke7 36. Bg6 Qf8 37. Qxg5+ Kd7 38. Nf6+ Kc7 39. c5 Bxc5 40. Rc1 Kb6 41.
Qxe5 Bh3 42. Nd5+ Ka6 43. Nf4 Bd6 44. Rc6+ Rb6 45. Rxb6+ Kxb6 46. Qxd4+ Bc5 47.
Qe4 Re7 48. Nd5+ Ka7 0-1

[Event "4NCL Division 1a"]
[Site "Birmingham, ENG ENG"]
[Date "2016.02.14"]
[Round "6.131"]
[White "Gordon, Stephen J"]
[Black "Speelman, Jon S"]
[Result "1/2-1/2"]
[WhiteElo "2495"]
[BlackElo "2521"]
[PlyCount "75"]
[EventDate "2016.02.14"]
[WhiteTeam "3Cs 1"]
[BlackTeam "Wood Green HK"]

1. Nf3 Nf6 2. c4 e6 3. g3 b6 4. Bg2 Bb7 5. O-O Be7 6. d4 O-O 7. Re1 Na6 8. Nc3
Ne4 9. Bf4 f5 10. Nxe4 Bxe4 11. Ne5 Bxg2 12. Kxg2 Bb4 13. Rf1 Bd6 14. Qd2 Nb8
15. Rae1 Nc6 16. a3 a5 17. e4 Bxe5 18. dxe5 fxe4 19. Rxe4 a4 20. Rd1 Rf7 21.
Qe2 Qc8 22. Bd2 Qb7 23. Kg1 Na5 24. h4 Nb3 25. Bb4 Qc6 26. f4 Nc5 27. Red4 Nb3
28. Re4 Nc5 29. Re3 Raf8 30. Qg2 Qxg2+ 31. Kxg2 h5 32. Kf3 Rb8 33. Re2 Kf8 34.
Ke3 Ke8 35. Rg2 Nb3 36. Rdg1 c5 37. Bc3 Ke7 38. Kd3 1/2-1/2

[Event "4NCL Division 1a"]
[Site "Birmingham, ENG ENG"]
[Date "2016.02.14"]
[Round "6.132"]
[White "Aagaard, Jacob"]
[Black "Ashton, Adam G"]
[Result "1/2-1/2"]
[WhiteElo "2500"]
[BlackElo "2383"]
[PlyCount "132"]
[EventDate "2016.02.14"]
[WhiteTeam "Wood Green HK"]
[BlackTeam "3Cs 1"]

1. e4 e5 2. Nf3 Nc6 3. d4 exd4 4. Nxd4 Nf6 5. Nxc6 bxc6 6. e5 Qe7 7. Qe2 Nd5 8.
c4 Nb6 9. Nc3 Qe6 10. Qe4 Bb4 11. Bd2 O-O 12. Bd3 g6 13. O-O a5 14. Rae1 d5 15.
exd6 Qxd6 16. Qe2 Bg4 17. f3 Rfd8 18. fxg4 Qxd3 19. Qf2 Qxc4 20. Re4 Rxd2 21.
Qxd2 Qxe4 22. Nxe4 Bxd2 23. Nxd2 Rd8 24. Ne4 Rd4 25. Nf6+ Kg7 26. g5 Nd5 27.
Rc1 Nxf6 28. gxf6+ Kxf6 29. Rxc6+ Rd6 30. Rc5 Rd1+ 31. Kf2 Rd2+ 32. Kf3 Rxb2
33. Rxa5 Ke6 34. a4 f5 35. h4 Rb3+ 36. Kf2 Ra3 37. g3 Kd6 38. Ra6+ Kd5 39. a5
Ra2+ 40. Kf3 Ra3+ 41. Kf4 Ra4+ 42. Kf3 c5 43. Ra8 Kc6 44. Ra7 Kb5 45. Rxh7 Rxa5
46. h5 Ra3+ 47. Kf4 Ra4+ 48. Kf3 g5 49. Rb7+ Kc6 50. Rf7 g4+ 51. Ke3 Ra3+ 52.
Kf4 Rf3+ 53. Kg5 Rxg3 54. Rxf5 Rg1 55. h6 g3 56. Kg6 Rh1 57. Rg5 Rh3 58. Rg4
Kb5 59. Kg7 c4 60. Rg5+ Kb4 61. Rg4 Kb5 62. Rg5+ Kb6 63. Rg6+ Kc5 64. Rg5+ Kd6
65. Rg6+ Ke5 66. Rg5+ Kd6 1/2-1/2

[Event "4NCL Division 1a"]
[Site "Birmingham, ENG ENG"]
[Date "2016.02.14"]
[Round "6.133"]
[White "Longson, Alexander"]
[Black "Shaw, John"]
[Result "0-1"]
[WhiteElo "2297"]
[BlackElo "2444"]
[PlyCount "104"]
[EventDate "2016.02.14"]
[WhiteTeam "3Cs 1"]
[BlackTeam "Wood Green HK"]

1. e4 c5 2. Nf3 Nf6 3. Qe2 Nc6 4. g3 g6 5. Bg2 Bg7 6. O-O O-O 7. c3 e5 8. d3 h6
9. a3 a5 10. a4 Re8 11. Na3 d5 12. Nd2 Be6 13. Re1 d4 14. Ndc4 Re7 15. Qf1 Ne8
16. Bd2 Rd7 17. Rad1 Kh7 18. Bh3 Bxh3 19. Qxh3 dxc3 20. bxc3 Rxd3 21. Qf1 Rd7
22. Be3 Rxd1 23. Rxd1 Qe7 24. Nb6 Rd8 25. Rxd8 Qxd8 26. Bxc5 Nf6 27. Qe2 Bf8
28. Bxf8 Qxf8 29. Nb5 Qc5 30. Nc4 Kg7 31. Kg2 b6 32. Ncd6 Nd8 33. h3 Ne6 34.
Qd3 h5 35. Qc4 Nd7 36. Qb3 Qc6 37. Kf1 Ndc5 38. Qc2 h4 39. Ke2 hxg3 40. fxg3
Ng5 41. Ke3 Nxh3 42. Qa2 Ng5 43. Qc4 Kf8 44. Ke2 Qd7 45. Qd5 Qg4+ 46. Kd2
Ngxe4+ 47. Kc1 Qf3 48. Nxe4 Qxe4 49. Qd6+ Kg8 50. Qxb6 Qe1+ 51. Kc2 Qe2+ 52.
Kb1 Qd1+ 0-1

[Event "4NCL Division 1a"]
[Site "Birmingham, ENG ENG"]
[Date "2016.02.14"]
[Round "6.134"]
[White "Greet, Andrew N"]
[Black "Horton, Andrew P"]
[Result "1-0"]
[WhiteElo "2439"]
[BlackElo "2300"]
[PlyCount "85"]
[EventDate "2016.02.14"]
[WhiteTeam "Wood Green HK"]
[BlackTeam "3Cs 1"]

1. d4 Nf6 2. c4 e6 3. g3 Bb4+ 4. Bd2 Qe7 5. Nf3 Nc6 6. Nc3 Bxc3 7. Bxc3 Ne4 8.
Rc1 d6 9. d5 Nxc3 10. Rxc3 Nb8 11. dxe6 fxe6 12. Nd4 O-O 13. Bg2 c6 14. O-O Nd7
15. Qc2 Nf6 16. e4 e5 17. Nf5 Bxf5 18. exf5 Rad8 19. Re1 Rfe8 20. Rce3 d5 21.
cxd5 cxd5 22. Rxe5 Qxe5 23. Rxe5 Rxe5 24. Qc7 Re1+ 25. Bf1 Rd7 26. Qb8+ Kf7 27.
Kg2 a6 28. Qa7 Kf8 29. Bd3 Rc1 30. Qd4 Rcc7 31. g4 h6 32. h4 Ne4 33. f3 Nc5 34.
Bb1 Rd6 35. g5 hxg5 36. hxg5 Nd7 37. Qh4 Ke8 38. Qh8+ Nf8 39. f6 gxf6 40. Bg6+
Rf7 41. Qg8 Rdd7 42. Bxf7+ Rxf7 43. g6 1-0

[Event "4NCL Division 1a"]
[Site "Birmingham, ENG ENG"]
[Date "2016.02.14"]
[Round "6.135"]
[White "Congiu, Mathilde"]
[Black "McDonald, Neil"]
[Result "0-1"]
[WhiteElo "2265"]
[BlackElo "2407"]
[PlyCount "94"]
[EventDate "2016.02.14"]
[WhiteTeam "3Cs 1"]
[BlackTeam "Wood Green HK"]

1. e4 e6 2. d3 d5 3. Qe2 Nf6 4. Nf3 Be7 5. g3 b5 6. e5 Nfd7 7. Bg2 c5 8. O-O
Nc6 9. h4 Bb7 10. Bf4 h6 11. h5 a5 12. a4 b4 13. Nbd2 Nb6 14. Rfe1 Ba6 15. c4
bxc3 16. bxc3 Rb8 17. g4 Qd7 18. g5 hxg5 19. Nxg5 Nd8 20. Reb1 Rb7 21. c4 Nxa4
22. Rxb7 Bxb7 23. Qg4 Bc6 24. Ra3 Nb2 25. Qe2 dxc4 26. dxc4 Bxg2 27. Kxg2 Qd4
28. Nge4 Nc6 29. Qg4 Nxe5 30. Qxg7 Nexc4 31. h6 Qxg7+ 32. hxg7 Rg8 33. Rg3 a4
34. Nb1 f5 35. Nec3 Bf6 36. Bh6 Kf7 37. Nb5 Bxg7 38. Bg5 e5 39. Bc1 f4 40. Rh3
Rb8 41. N1a3 Nxa3 42. Nxa3 Ke6 43. Rh7 Nd3 44. Rxg7 Nxc1 45. Ra7 Nd3 46. Rxa4
Rb2 47. Nc4 Rxf2+ 0-1